00412pab a2200145 454500008004000000100001400040245009400054260000900148300001300157362000800170650002300178650001500201700001400216773003600230180718b2006 xxu||||| |||| 00| 0 eng d aKar, Amit aRural non-farm sector in India, its present status and options for improvement - a review c2006 ap.13-23. aApr aEmployment - India aEmployment aRay, A.K. aAgricultural Situation in India